000 02051nam0a2200349 4500
001 RU\NLR\bibl\52790
005 20250616084614.0
021 _aRU
_b99-28777
_91399
035 _a(NLR Aleph) 000051503
090 _a276158
_c276158
100 _a19991014d1999 |||y0rusy50 ca
101 0 _arus
102 _aRU
105 _ay |||||||||
200 1 _aМеждународное частное право
_eСб. нормат. актов и материалов
_eУчеб. пособие
_e[Для курсантов, слушателей, адъюнктов и преподавателей высш. образоват. учреждений МВД России]
_fЧерновол Е.П., Цыганов С.И.
_gМВД России, Ур. юрид. ин-т
210 _aЕкатеринбург
_cУрЮИ
_d1999
215 _a225 с.
_d21
320 _aБиблиогр.: с. 220-222
606 0 _aМеждународное частное право
_jРуководства, пособия и т.п.
_xМеждународные договоры
_92119252
_3RU\NLR\auth\661279910
606 0 _aМеждународное частное право
_jУчебные издания для высшей школы
_xМеждународные договоры
_92119252
_3RU\NLR\auth\661279910
606 0 _aМеждународное частное право
_jРуководства, пособия и т.п.
_yРоссийская Федерация
_92119256
_3RU\NLR\auth\661279912
606 0 _aМеждународное частное право
_jУчебные издания для высшей школы
_yРоссийская Федерация
_92119256
_3RU\NLR\auth\661279912
686 _aХ93-3я73
686 _aХ93г(2)я73
700 1 _aЧорновол
_bЕ. П.
_gЕвгений Петрович
_4070
701 1 _aЦыганов
_bС. И.
_gСергей Иванович
_4070
801 0 _aRU
_bNLR
_c19991014
_gPSBO
801 1 _aRU
_bNLR
_c19991014
852 _aNLR
_j99-3/12502
942 _cBOOK
980 _aNB